| 000 | 00520nam a2200193Ia 4500 | ||
|---|---|---|---|
| 999 |
_c11146 _d11146 |
||
| 003 | OSt | ||
| 005 | 20191224093832.0 | ||
| 008 | 190216s9999||||xx |||||||||||||| ||und|| | ||
| 020 | _a9780230224926 | ||
| 040 | _coclc | ||
| 082 |
_a339 _bMAN/M |
||
| 100 |
_aMankiw, N Gregory _9458 |
||
| 245 | 0 |
_aMacroeconomics / _c N Gregory Mankiw |
|
| 250 | _a6th ed. | ||
| 260 |
_bWorth Publishers, _c2012. _aNew York: |
||
| 300 | _a578p | ||
| 650 | _aEconomics | ||
| 942 |
_cBK _2ddc _h339 _iMAN/M _k339 _mMAN/M |
||